000 01122nam a2200301Ia 4500
005 20220317001540.0
008 161108s2015 sp a g 000 f s
020 _a9788477028161
100 1 _aMilne, Alan Alexander
_d1882-1956
245 1 0 _aHistorias de Winny de Puh
_bWinny de Puh seguido de
_bel rincón de Puh
_cA.A. Milne ; con dibujos de Ernest Shepard
250 _a2a. edición
300 _a376 páginas
_bilustraciones en color
_c19 cm
490 _aEl club Diógenes : serie naranja
534 _tWinnie- the Pooh ; The house at Poo corner
650 1 4 _2LEMB
_aNovela juvenil inglesa
_ySiglo XIX
650 1 4 _2LEMB
_aLiteratura infantil inglesa
_ySiglo XIX
650 1 4 _2LEMB
_aOsos en la literatura
650 1 4 _2LEMB
_aAnimales en la literatura
700 1 _aShepard, Ernest
_eilustrador
_975541
700 1 _aGortázar, Isabel Azaola, Juan Ramón
_975542
942 _2loc
_cBKLIT
264 _aMadrid
_bValdemar
_c2015
336 _atexto
_btxt
_2rdacontent
337 _asin mediación
_bn
_2rdamedia
338 _avolumen
_bnc
_2rdacarrier
040 _aCO-BoRNBP
_bspa
_erda
_cCO-BoRNBP
084 _aN MIL6
999 _c7321
_d7321